00255nam a2200121Ia 45000030006000000080041000060400015000471000019000622450014000812600009000955460012001040050017001160STCL150530s9999 xx 000 0 und d aSTCLcSTCL aAlexanden Buzo aMacquarie c1973 aEnglish20220125171007.0